000 00423nam a2200145 4500
001 127608
003 ES-MaACL
007 t|
008 070214s1926 fr r ||||1| fre d
100 1 _aRignano, Eugenio.
_997209
245 1 0 _aQu'est-ce que la vie?
_b: nouveaux essais de synthèse biologique /
_cEugenio Rignano.
260 _aParis :
_bFélix Alcan,
_c1926.
300 _a208 p. ;
_c23 cm.
852 _aES-MaACL
_jB-5945
999 _c127608
_d127608